000 00249nam a2200097Ia 4500
001 871041
005 20250826181211.0
008 250824s9999 xx 000 0 und d
245 0 _aSİSLER ÜLKESİ
_cSİR ARTHUR CONAN DOYLE
260 _bKYRHOS YAYINLARI
999 _c871041
_d871041